000
00341nam a2200145Ia 4500
008
191201s2008 xx 000 0 und d
082
_a
621.392
_b
PEV
100
_a
PERRY, Douglas L.
245
0
_a
VHDL Programming by Example
250
_a
Rep.
260
_a
N.Delhi
_b
TMH
_c
2008
300
_a
476
650
_a
B.Tech(ECE)
942
_2
ddc
_c
BK
999
_c
3861
_d
3861